La lengua de los Derechos. La formación del Derecho Público europeo tras la Revolución Francesa.

Saved in:
Bibliographic Details
Main Author: García de Enterría, Eduardo (autor)
Format: Book
Language:Spanish
Published: Madrid, España: Alianza, 1994.
Edition:Primera edición.
Series:Alianza Universidad, 799.
Subjects:
Tags: Add Tag
No Tags, Be the first to tag this record!

MARC

LEADER 00000cam a2200000 a 4500
001 UCC4868
003 CL-VaPUC
005 20220822114413.0
008 180831e19940000sp |||||||||||||||||spa|d
999 |c 372253  |d 372251 
020 |a 84-206-2799-2 
040 |c Pontificia Universidad Católica de Valparaíso 
082 0 4 |a 342.44 GAR 1994  |2 21 
100 0 |a García de Enterría, Eduardo  |e autor  |9 254850 
245 1 3 |a La lengua de los Derechos.  |b La formación del Derecho Público europeo tras la Revolución Francesa. 
250 |a Primera edición.  
260 |a Madrid, España:  |b Alianza,  |c 1994. 
300 |a 226 páginas.  
490 0 |a Alianza Universidad, 799. 
500 |a c.2 Donación Familia Prof. Alejandro Guzmán Brito. 
583 |a last modification  |c 20180831 12:04:00  |k Rodrigo Vera 
650 0 |a Derecho administrativo  |9 254851 
650 0 |a Derecho administrativo francés   |2 CL-VaPUC  |9 491835 
650 0 |a Revolución francesa  |9 324244 
650 0 |a Poderes del estado  |9 377457 
852 |a BIBCUR 
942 |c BK  |2 ddc  |n 0 
945 |d 20180831 12:04:00  |a dcastane 
952 |0 0  |1 0  |2 ddc  |3 erb  |4 0  |6 342_440000000000000_GAR_1994  |7 0  |8 A  |9 489577  |a BIBDER  |b BIBDER  |e Mateluna Arestizabal, Alfredo Sergio  |i 5490677  |o 342.44 GAR 1994  |p 5490677  |r 2023-01-25  |w 2019-11-24  |y BK  |z Catalogado en:20180831  |k DER